| 000 -LEADER |
| fixed length control field |
00789nam a22002537a 4500 |
| 001 - CONTROL NUMBER |
| control field |
2537214 |
| 005 - DATE AND TIME OF LATEST TRANSACTION |
| control field |
20180117035824.0 |
| 007 - PHYSICAL DESCRIPTION FIXED FIELD--GENERAL INFORMATION |
| fixed length control field |
hd|afb---bacp |
| 007 - PHYSICAL DESCRIPTION FIXED FIELD--GENERAL INFORMATION |
| fixed length control field |
hd|bfb---baap |
| 008 - FIXED-LENGTH DATA ELEMENTS--GENERAL INFORMATION |
| fixed length control field |
931021s1952 nyua a 000 0 eng |
| 010 ## - LIBRARY OF CONGRESS CONTROL NUMBER |
| LC control number |
93635431 |
| 040 ## - CATALOGING SOURCE |
| Original cataloging agency |
DLC |
| Transcribing agency |
DLC |
| 041 ## - LANGUAGE CODE |
| Language code of text/sound track or separate title |
eng |
| 080 ## - UNIVERSAL DECIMAL CLASSIFICATION NUMBER |
| Universal Decimal Classification number |
330.0 |
| 082 ## - DEWEY DECIMAL CLASSIFICATION NUMBER |
| Edition number |
330.0 WU |
| 100 1# - Rafti |
| Rafti |
52 |
| 101 ## - Shkurtesa |
| Shkurtesa |
EKO |
| 245 10 - TITLE STATEMENT |
| Title |
Economic warfare |
| Statement of responsibility, etc |
by Yuan-li Wu. |
| 533 ## - REPRODUCTION NOTE |
| Type of reproduction |
Microfilm. |
| Place of reproduction |
Washington, D.C. : |
| Agency responsible for reproduction |
Library of Congress Preservation Microfilming Program : |
| -- |
Available from Library of Congress Photoduplication Service, |
| Date of reproduction |
1993. |
| Physical description of reproduction |
1 microfilm reel ; 35 mm. |
| 776 1# - ADDITIONAL PHYSICAL FORM ENTRY |
| Qualifying information |
Original |
| Record control number |
(DLC) 52010552 |
| 906 ## - LOCAL DATA ELEMENT F, LDF (RLIN) |
| a |
7 |
| b |
cbc |
| c |
orignew |
| d |
u |
| e |
ncip |
| f |
19 |
| g |
y-genmicro |
| 942 ## - ADDED ENTRY ELEMENTS (KOHA) |
| Source of classification or shelving scheme |
|
| Item type |
Books |